000 00359 a2200121 4500
020 _a017010798
082 _a371.100994 SMI
100 _aSmith, Susan Groundwater
245 _aTeaching Challenges and Dilemmas
_cSusan Groundwater Smith
250 _a2nd ed.
260 _aAustralia :
_bThomson :
_c2003
300 _axii, 372p. :
_bill ., pics., ;
_c25 cm
650 _aTeaching -- Australia
999 _c419
_d419